| 000 | 00653nam a2200169 4500 | ||
|---|---|---|---|
| 999 |
_c17732 _d17732 |
||
| 008 | 221213b ||||| |||| 00| 0 eng d | ||
| 020 | _a9781032062938 | ||
| 082 |
_22022 _aDC 006.3/12 _bM363 |
||
| 100 |
_aMartin, Kirsten. _947072 |
||
| 245 |
_aEthics of data and analytics : _bconcepts and cases / _cKirsten Martin. |
||
| 260 |
_aBoca Raton : _bCRC Press, _c©2022. |
||
| 300 |
_axvii, 473 pages : _billustrations ; _c25 cm. |
||
| 500 | _aIncludes bibliographical references and index. | ||
| 650 |
_aData mining _xMoral and ethical aspects _xTextbooks. _947073 |
||
| 650 |
_aBig data _xMoral and ethical aspects _xTextbooks. _947074 |
||
| 942 |
_2ddc _cDC |
||